000 00586nam a2200193Ia 4500
003 GCL
008 140319s9999 xx 000 0 ara d
040 _aGCL /
_cGCL
082 0 4 _a811.009
_bع م
100 1 _aعبدالواحد لولؤة
245 1 0 _aمنازل القمر: دراسات نقدية /
_cعبدالواحد لولؤة
260 _a[S.N] :
_bرياض الريس للكتب والنشر ،
_c1990
300 _a269 ص
490 _a
650 0 4 _aالشعر العربى
650 0 4 _aالادب العربى
650 0 4 _aتاريخ ونقد
942 _2ddc
_cBK
999 _c28679
_d28679